00740nam a22002177a 450000500170000001000150001702000260003203500140005803700130007208200150008510000260010024500450012625000100017126000590018127000730024030000200031349000060033394200220033999900190036195201420038020230912150735.0 aENG-137919 c995.00a9789357053846 aEN-121451 bDBAD/PUB a5302First aSardana, Rahul956444 a2024 JEE Main Physics/cBy Rahul Sardana aFirst aNoidabPearson India Education Services Pvt Ltdc2023 aIst Floor, Berger Tower, Plot No C-001A/2 Sector 16B bNoidae201301 avpp.c28cm(pbk) v1 2ddccENh530mSAR c197727d197727 001040708NFICaCJbCJd2023-08-31eDBAD/PUBg995.00l2oSAR 530pEN-121451r2025-02-25 00:00:00s2025-02-13t1v995.00w2023-08-31yEN